| 000 | 01338nam a2200349 i 4500 | ||
|---|---|---|---|
| 001 | 000024104 | ||
| 003 | DO-SdBNP | ||
| 005 | 20251009092332.0 | ||
| 007 | ta | ||
| 008 | 110119s2002 dr a 000 0 spa d | ||
| 040 |
_aDO-SdBNP _bspa _cBNPHU _erda |
||
| 041 | _aspa | ||
| 082 | 4 |
_a306.87 _bT172m _222 |
|
| 245 | 0 | 0 |
_aMás allá del reclamo / _cMargot Tapia, Wendy Alba ; corrección, Dinys Luciano ; colaboración, Nora Nivar ; ilustraciones, Omar García, Guillermo Gutiérrez. |
| 264 | 1 |
_aSanto Domingo : _bSecretaría de Estado de la Mujer, _c2002. |
|
| 300 |
_a82 páginas : _bilustraciones ; _c28 cm. |
||
| 336 |
_atexto _btxt _2rdacontent |
||
| 337 |
_asin mediación _bn _2rdamedia |
||
| 338 |
_acolumen _bnc _2rdacarrier |
||
| 590 | _aInventariado, 2025/DG | ||
| 650 | 4 |
_aLey no. 24-97 _949518 |
|
| 650 | 4 |
_aViolencia conyugal _bLegislación _zRepublica Dominicana _949519 |
|
| 650 | 4 |
_aRelaciones de familia _bLegislación _zRepublica Dominicana _949520 |
|
| 650 | 4 |
_aDerecho de familia _zRepublica Dominicana _96437 |
|
| 700 | 1 |
_aAlba, Wendy, _eautor _4aut. _938244 |
|
| 700 | 1 |
_aLuciano, Dinys, _ecorector _4corr. _949521 |
|
| 700 | 1 |
_aGarcía, Omar, _eilustrador _4il. _949522 |
|
| 700 | 1 |
_aGutirrez, Guillermo, _eilustrador _4il. _949523 |
|
| 700 | 1 |
_aNivar, Nora, _ecolaborador _4col. _974470 |
|
| 910 | _aDG | ||
| 942 |
_2ddc _cLF2 |
||
| 999 |
_c23599 _d23599 |
||